00270 a2200109 4500001000700000020000600007040001100013100004400024240004400068245003900112362000900151169734 a  cMagnum aColegio Magnum Agostiniano - 2ยช Series10aPersonalidades mineiras - mulhereslpor10aPersonalidades mineiras - mulheres0 a1899